000 00604nam a2200205 a 4500
005 20240925065016.0
008 991125s1982 bar 000 0 spa u
020 _a8475091261
035 _aUPN01000025106
049 _aCG
050 4 _aBF315
_bJ8.48 1990
100 1 _aJung, Carl Gustav,
_d1875-1961
245 1 0 _aFormaciones de lo inconsciente /
_cC. G. Jung ; tr. Roberto Pope.
260 _aBarcelona (Esp.) :
_bPaidós,
_c1982.
300 _a133 p. :
_bil.
440 0 _aBiblioteca de psicología profunda ;
_v16
650 4 _aINCONSCIENTE
_914578
650 4 _aPsicología
_938
905 _aLibro
999 _c25106
_d25106